Windfarm agreements (Record no. 75868)

MARC details
000 -LEADER
fixed length control field 00711cab a2200181 4500
001 - CONTROL NUMBER
control field L130902
008 - FIXED-LENGTH DATA ELEMENTS--GENERAL INFORMATION
fixed length control field 050914n2005 000 0 eng u
035 ## - SYSTEM CONTROL NUMBER
System control number (Sirsi) u130902
041 0# - LANGUAGE CODE
Language code of text/sound track or separate title eng
110 2# - MAIN ENTRY--CORPORATE NAME
Corporate name or jurisdiction name as entry element Brodies
9 (RLIN) 2426
245 ## - TITLE STATEMENT
Title Windfarm agreements
Remainder of title who has the power?
260 ## - PUBLICATION, DISTRIBUTION, ETC.
Date of publication, distribution, etc. 2005
490 #4 - SERIES STATEMENT
Series statement The In-House Lawyer
Volume/sequential designation (130) May 2005, 82-83
520 ## - SUMMARY, ETC.
Summary, etc. Discusses what developers and landowners should consider when negotating agreements to develop a particular site as a wind farm. Considers option agreements, leases, different rent options and termination of the lease.
651 #4 - SUBJECT ADDED ENTRY--GEOGRAPHIC NAME
Geographic name Scotland
Chronological subdivision 1999-
690 ## - LOCAL SUBJECT ADDED ENTRY--TOPICAL TERM (OCLC, RLIN)
Topical term or geographic name as entry element PROPERTY-INFRASTRUCTURE-POWER AND MINERAL SUPPLY INFRASTRUCTURE
942 ## - ADDED ENTRY ELEMENTS (KOHA)
Suppress in OPAC 0
Holdings
Withdrawn status Lost status Source of classification or shelving scheme Damaged status Not for loan Home library Current library Shelving location Date acquired Total Checkouts Full call number Barcode Date last seen Copy number Price effective from Koha item type
    Dewey Decimal Classification     London London Journal article 14/09/2005   L130902 130902-1001 06/08/2019 1 06/08/2019 Journal article